Controlling a interní audit - nezbytný doplněk současného managementu

Problém dnešnej doby - nestálosť a ťažko odhadnuteľný vývoj. Nástroje manažmentu, ktoré pomáhajú tieto problémy zvládnuť: interný audit, controlling.

Salvato in:
Dettagli Bibliografici
Autore principale: Stejskal, Jiří
Natura: Capitolo di libro
Lingua:ceco
Soggetti:
Tags: Aggiungi Tag
Nessun Tag, puoi essere il primo ad aggiungerne!!

MARC

LEADER 00000naa a2200000 4500
001 r036586
005 20230929094420.3
041 0 |a cze 
044 |a CZ 
245 1 0 |a Controlling a interní audit - nezbytný doplněk současného managementu  |c Jiří Stejskal 
520 |a Problém dnešnej doby - nestálosť a ťažko odhadnuteľný vývoj. Nástroje manažmentu, ktoré pomáhajú tieto problémy zvládnuť: interný audit, controlling. 
610 2 0 |a kontroling 
610 2 0 |a audit interný 
610 2 0 |a manažment 
610 2 0 |a pojmy 
610 2 0 |a Český institut interních auditorů 
610 2 0 |a Controller-Institut Praha 
100 1 |a Stejskal, Jiří